Sahitya bichar/ (Record no. 3523)
[ view plain ]
| 000 -LEADER | |
|---|---|
| fixed length control field | 00545cam a2200205ua 4500 |
| 005 - DATE AND TIME OF LATEST TRANSACTION | |
| control field | 20260515113721.0 |
| 008 - FIXED-LENGTH DATA ELEMENTS--GENERAL INFORMATION | |
| fixed length control field | 120208n ii |||gr||||Z||||||asm |
| 040 ## - CATALOGING SOURCE | |
| Transcribing agency | MAIN |
| Original cataloging agency | IN-DiNC |
| 041 ## - LANGUAGE CODE | |
| Language code of sung or spoken text | asm |
| 082 ## - DEWEY DECIMAL CLASSIFICATION NUMBER | |
| Classification number | 891.4514 |
| Item number | THA |
| 100 ## - MAIN ENTRY--PERSONAL NAME | |
| Personal name | Thakuria, Rammal, |
| Relator term | author |
| 245 11 - TITLE STATEMENT | |
| Title | Sahitya bichar/ |
| Statement of responsibility, etc. | by Rammal Thakuria |
| 250 ## - EDITION STATEMENT | |
| Edition statement | 1st. |
| 260 ## - PUBLICATION, DISTRIBUTION, ETC. | |
| Place of publication, distribution, etc. | Guwahati: |
| Name of publisher, distributor, etc. | New book stall, |
| Date of publication, distribution, etc. | 1998. |
| 300 ## - PHYSICAL DESCRIPTION | |
| Extent | 183p: |
| Dimensions | 23cm. |
| 650 ## - SUBJECT ADDED ENTRY--TOPICAL TERM | |
| Topical term or geographic name entry element | Literary criticism in Assamese |
| 653 ## - INDEX TERM--UNCONTROLLED | |
| Uncontrolled term | Assamese literature |
| 653 ## - INDEX TERM--UNCONTROLLED | |
| Uncontrolled term | Sahitya bichar |
| 942 ## - ADDED ENTRY ELEMENTS (KOHA) | |
| Koha item type | Books |
| Source of classification or shelving scheme | Dewey Decimal Classification |
| Withdrawn status | Lost status | Damaged status | Not for loan | Home library | Current library | Shelving location | Date acquired | Total checkouts | Full call number | Barcode | Date last seen | Copy number | Price effective from | Koha item type | Source of classification or shelving scheme | Collection | Cost, normal purchase price | Date last checked out |
|---|---|---|---|---|---|---|---|---|---|---|---|---|---|---|---|---|---|---|
| Naharkatiya College Library | Naharkatiya College Library | General stacks | 09/19/2020 | 891.4514 | THA | 8290 | 09/19/2020 | 2 | 09/19/2020 | Books | |||||||||
| Naharkatiya College Library | Naharkatiya College Library | General stacks | 09/19/2020 | 891.4514 | THA | 8381 | 09/19/2020 | 1 | 09/19/2020 | Books | |||||||||
| Naharkatiya College Library | Naharkatiya College Library | General stacks | 08/17/2023 | 1 | 891.4514 THA | 8022 | 09/01/2023 | 3 | 08/17/2023 | Books | Dewey Decimal Classification | 40.00 | 08/22/2023 | |||||
| Naharkatiya College Library | Naharkatiya College Library | General stacks | 11/03/2023 | 2 | 891.4514 THA | 8021 | 12/15/2023 | 4 | 11/03/2023 | Books | Dewey Decimal Classification | 40.00 | 11/18/2023 |